| 000 | 01321cam a22003617a 4500 | ||
|---|---|---|---|
| 003 | CHAP | ||
| 005 | 20220817043928.0 | ||
| 008 | 040301d1999 cr a r 00110 spa d | ||
| 010 | _a88111 | ||
| 011 | _a89083 | ||
| 035 | _a99632 | ||
| 040 | _cCHAP | ||
| 090 | _aFolleto 16735 | ||
| 100 | 0 | 0 |
_aViñas-Román, Jaime A. _9119898 |
| 245 | 1 | 3 |
_aDisquisiciones en torno al profesor universitario de América Latina y el Caribe. Importancia de la exelencia profesoral e impacto y evaluación de su labor docente _c/por Jaime A. Viñas-Román |
| 260 |
_a[San José, C. R.] : _bInstituto Interamericano de Cooperación para la Agricultura, _c1999 |
||
| 300 |
_a25 h. : _bilus. |
||
| 500 | _aFotocopia | ||
| 590 |
_aBATCH-UPD _b10 _c20130110 _lUCH01 _h0444 |
||
| 590 |
_aBATCH-UPD _b10 _c20130410 _lUCH01 _h0120 |
||
| 590 |
_aBATCH-UPD _b10 _c20130914 _lUCH01 _h0839 |
||
| 590 |
_aCONVERSION _b10 _c20130109 _lUCH01 _h1349 |
||
| 650 | 1 | 4 |
_aCapacitación. _918690 |
| 650 | 1 | 4 |
_aEducación agrícola _xFormación de profesores. _935519 |
| 650 | 1 | 4 | _aEducación superior. |
| 650 | 1 | 4 |
_aFormación de profesores. _942392 |
| 650 | 1 | 4 |
_aMaestros _xEvaluación. _969755 |
| 901 | _aBK | ||
| 905 | _aMarco A. Mendoza T. | ||
| 911 | _aCustodia | ||
| 942 | _cFOLL | ||
| 949 |
_aFolleto 16735 _bBC _cFOLL _d996321 _eTS1 _gFotocopia _i99632 _st |
||
| 999 |
_c88111 _d88111 |
||